000 00446nam a2200133Ia 4500
008 100328s9999 xx 000 0 und d
082 _b45674
100 _aयादवाडकर प्रकाश
245 _aआदित्यमित्र
260 _bग्रंथाली अभिनव वाचक चळवळ
630 _aआदित्यमित्र
730 _aआदित्यमित्र
942 _cBOOK
999 _c533772
_d533769